000 00608nam a2200205 i 4500
003 DO-SdBNP
005 20230421111939.0
007 ta
008 110601s1944 000 spa d
040 _aDO-SdBNP
_bspa
_cBNPHU
_erda
082 4 _222
245 1 0 _aAndanzas y observaciones.
_cMiguel Rodríguez
264 _aCiudad Trujillo, República Dominicana :
_bImprenta la opinión,
_c1944.
300 _a118 páginas ;
_c21 cm.
336 _2rdacontent
_atexto
_btxt
337 _2rdamedia
_asin mediación
_bn
338 _2rdacarrier
_avolumen
_bnc
590 _aInventariado, 2023/BT
942 _2ddc
_cLBS1
999 _c30340
_d30340